ARRUPE JESUIT UNIVERSITY

CORONAVIRUS -STOP THE SPREAD - CLEAN,DISINFECT,COVER

Africa's urban past / (Record no. 125711)

MARC details
000 -LEADER
fixed length control field 01250cam a2200313 a 4500
001 - CONTROL NUMBER
control field 11787744
003 - CONTROL NUMBER IDENTIFIER
control field ARRUPE
005 - DATE AND TIME OF LATEST TRANSACTION
control field 20161114094319.0
008 - FIXED-LENGTH DATA ELEMENTS--GENERAL INFORMATION
fixed length control field 990913s1999 nhuab b 101 0 eng
010 ## - LIBRARY OF CONGRESS CONTROL NUMBER
LC control number 99048111
020 ## - INTERNATIONAL STANDARD BOOK NUMBER
International Standard Book Number 0325002215 (alk. paper)
020 ## - INTERNATIONAL STANDARD BOOK NUMBER
International Standard Book Number 0325002207 (pbk. : alk. paper)
040 ## - CATALOGING SOURCE
Original cataloging agency DLC
Transcribing agency DLC
Modifying agency DLC
043 ## - GEOGRAPHIC AREA CODE
Geographic area code f------
050 00 - LIBRARY OF CONGRESS CALL NUMBER
Classification number HT148.A2
Item number A38 1999
082 00 - DEWEY DECIMAL CLASSIFICATION NUMBER
Classification number 307.76/096
Edition number 21
300 ## - PHYSICAL DESCRIPTION
Other physical details ill., maps ;
Dimensions 25 cm.
245 00 - TITLE STATEMENT
Title Africa's urban past /
Statement of responsibility, etc edited by David M. Anderson and Richard Rathbone.
260 ## - PUBLICATION, DISTRIBUTION, ETC. (IMPRINT)
Place of publication, distribution, etc Portsmouth, NH :
Name of publisher, distributor, etc Heinemann,
Date of publication, distribution, etc 2000.
300 ## - PHYSICAL DESCRIPTION
Extent x, 310 p. :
500 ## - GENERAL NOTE
General note Papers presented at a conference held June 1996, School of Oriental and African Studies, University of London.
504 ## - BIBLIOGRAPHY, ETC. NOTE
Bibliography, etc Includes bibliographical references and index.
650 #0 - SUBJECT ADDED ENTRY--TOPICAL TERM
Topical term or geographic name as entry element Cities and towns
Geographic subdivision Africa
General subdivision History
Form subdivision Congresses.
9 (RLIN) 27400
650 #0 - SUBJECT ADDED ENTRY--TOPICAL TERM
Topical term or geographic name as entry element Urbanization
Geographic subdivision Africa
General subdivision History
9 (RLIN) 27433
700 1# - ADDED ENTRY--PERSONAL NAME
Personal name Anderson, David,
Dates associated with a name 1957-
9 (RLIN) 27401
700 1# - ADDED ENTRY--PERSONAL NAME
Personal name Rathbone, Richard.
9 (RLIN) 27402
906 ## - LOCAL DATA ELEMENT F, LDF (RLIN)
a 7
b cbc
c orignew
d 1
e ocip
f 19
g y-gencatlg
942 ## - ADDED ENTRY ELEMENTS (KOHA)
Source of classification or shelving scheme Library of Congress Classification
Koha item type Monograph ( Printed materials)
Holdings
Withdrawn status Lost status Source of classification or shelving scheme Damaged status Not for loan Collection code Home library Current library Shelving location Date acquired Total Checkouts Full call number Barcode Date last seen Date checked out Price effective from Koha item type
    Library of Congress Classification     Main Collection ARRUPE LIBRARY ARRUPE LIBRARY Main Collection 10/11/2016 1 HT148.A2 A38 2000 46500009914 30/04/2018 06/02/2017 10/11/2016 Monograph ( Printed materials)

 

Arrupe Library. PO Box MP320 Mt Pleasant, Harare, Zimbabwe
263 242 745411|librarian@aju.ac.zw